[Event "Skovbo GM 2014"]
[Site "?"]
[Date "2014.09.07"]
[Round "4.1"]
[White "Smith, Axel"]
[Black "Antonsen, Mikkel Djernæs"]
[Result "0-1"]
[WhiteElo "2481"]
[BlackElo "2459"]
[PlyCount "130"]
[EventDate "2014.??.??"]
[WhiteClock "0:05:06"]
[BlackClock "0:09:45"]

1. d4 d5 2. c4 e6 3. Nc3 Nf6 4. cxd5 exd5 5. Bg5 c6 6. Qc2 Be7 7. e3 Nbd7 8.
Bd3 Nh5 9. Bxe7 Qxe7 10. Nge2 g6 11. O-O-O Nb6 12. Kb1 Ng7 13. Rhe1 O-O 14. Ng3
Ne6 15. Rc1 Bd7 16. Na4 Rfe8 17. Nxb6 axb6 18. Qb3 b5 19. f4 f5 20. Nf1 Ra4 21.
h3 Rea8 22. g4 c5 23. dxc5 Nxc5 24. Rxc5 Qxc5 25. Rc1 Rc4 26. Bxc4 dxc4 27. Qd1
Bc6 28. a3 Be4+ 29. Ka2 b4 30. Ka1 c3 31. Ng3 Qxe3 32. Qb3+ Kh8 33. Rd1 Qxg3
34. Qxb4 Qe3 35. bxc3 b6 36. gxf5 Bxf5 37. h4 Qc5 38. Kb2 Re8 39. Qxc5 bxc5 40.
a4 c4 41. a5 Rb8+ 42. Ka3 Bc2 43. Rd4 Rb3+ 44. Ka4 Rb7+ 45. Ka3 Rb5 46. Rxc4
Rxa5+ 47. Kb2 Bd3 48. Rd4 Bf5 49. c4 Kg7 50. Kb3 Kh6 51. Kb4 Ra1 52. c5 Rc1 53.
Rd8 Kh5 54. Rh8 Kxh4 55. Rxh7+ Kg4 56. Kb5 Kxf4 57. c6 g5 58. Rg7 g4 59. c7 g3
60. Kb6 Rc2 61. Kb7 g2 62. Kb8 Bg4 63. Rxg4+ Kxg4 64. c8=B+ Rxc8+ 65. Kxc8 g1=Q
0-1

[Event "Skovbo GM 2014"]
[Site "Skovbo Kulturhus"]
[Date "2014.09.07"]
[Round "4.2"]
[White "Burmakin, Vladimir"]
[Black "Jepson, Christian"]
[Result "1-0"]
[WhiteElo "2584"]
[BlackElo "2406"]
[PlyCount "155"]
[EventDate "2014.??.??"]

1. Nf3 Nf6 2. c4 e6 3. g3 d5 4. Bg2 dxc4 5. Qa4+ Nbd7 6. Qxc4 c5 7. O-O b6 8.
Ng5 Rb8 9. Nc3 h6 10. Nge4 Nxe4 11. Bxe4 a6 12. a4 Ne5 13. Qb3 Bb7 14. Bxb7
Rxb7 15. d3 Be7 16. Bf4 Nc6 17. Qc4 Qa8 18. Be3 O-O 19. Ne4 Rd8 20. Rfc1 Rbb8
21. Qa2 Nb4 22. Qc4 Nd5 23. Bd2 Qb7 24. Qb3 f5 25. Nc3 Qc6 26. Nd1 Rbc8 27. Ne3
Bf6 28. Nc4 b5 29. axb5 axb5 30. Na3 Rb8 31. Rc2 Rdc8 32. Rac1 c4 33. dxc4 bxc4
34. Qxc4 Qxc4 35. Nxc4 Nb4 36. Bxb4 Rxb4 37. Kf1 Rcb8 38. Rb1 Rc8 39. b3 h5 40.
h4 g5 41. hxg5 Bxg5 42. e3 Kg7 43. Ke2 Bf6 44. Rcc1 Ra8 45. Rc2 Kg6 46. Nd2 Rb6
47. Rbc1 Raa6 48. Rc4 Ra2 49. R1c2 Rxc2 50. Rxc2 h4 51. gxh4 Bxh4 52. Rc4 Bf6
53. Kd3 Rd6+ 54. Kc2 Ra6 55. Ra4 Rc6+ 56. Nc4 Rc8 57. Ra6 Kf7 58. f4 Rc7 59.
Kd3 Rd7+ 60. Ke2 Rc7 61. Rb6 Ke7 62. Kf3 Kd7 63. Ke2 Ke7 64. Na5 Rc2+ 65. Kd3
Rc3+ 66. Kd2 Rc8 67. b4 Kd7 68. Nb3 Bc3+ 69. Kd3 Ke7 70. Rb7+ Kd6 71. Nd4 Bxd4
72. Kxd4 Rc1 73. Rb6+ Kd7 74. Ke5 Rc3 75. Rd6+ Kc7 76. Rxe6 Rxe3+ 77. Kxf5 Rb3
78. Re4 1-0

[Event "Skovbo GM 2014"]
[Site "?"]
[Date "2014.09.07"]
[Round "4.3"]
[White "Ahlander, Björn"]
[Black "Semcesen, Daniel"]
[Result "1/2-1/2"]
[WhiteElo "2385"]
[BlackElo "2472"]
[PlyCount "71"]
[EventDate "2014.??.??"]
[WhiteClock "0:18:51"]
[BlackClock "0:13:37"]

1. e4 e5 2. Nf3 Nc6 3. Bc4 g6 4. d4 exd4 5. Nxd4 Bg7 6. Nxc6 bxc6 7. O-O Ne7 8.
Nc3 O-O 9. Be3 d6 10. Bd4 c5 11. Bxg7 Kxg7 12. Qd3 Rb8 13. Rad1 Nc6 14. Nd5 f6
15. b3 Ne5 16. Qc3 Be6 17. Ne3 Bxc4 18. Nxc4 Nxc4 19. Qxc4 Rb4 20. Qd3 Re8 21.
f3 a5 22. c3 Rb6 23. Qc4 Qa8 24. Rb1 Qa6 25. Qd5 Qe2 26. Rf2 Qe3 27. Qc4 Re7
28. Rd1 h5 29. Kf1 h4 30. h3 Rb8 31. Re2 Qf4 32. Kg1 Qe5 33. Rd5 Qf4 34. Rd1
Qe5 35. Rd5 Qf4 36. Rd1 1/2-1/2

[Event "Skovbo GM 2014"]
[Site "Skovbo Kulturhus"]
[Date "2014.09.07"]
[Round "4.4"]
[White "Mølvig, Henrik"]
[Black "Danielsen, Henrik"]
[Result "0-1"]
[WhiteElo "2152"]
[BlackElo "2488"]
[PlyCount "100"]
[EventDate "2014.??.??"]
[WhiteTeam "Roskilde Skakklub"]
[BlackTeam "BMS Skak"]

1. d4 d6 2. c4 e5 3. e3 Nd7 4. Nc3 g6 5. Nf3 Bg7 6. Be2 Ngf6 7. O-O O-O 8. Qc2
Re8 9. Rd1 e4 10. Nd2 Qe7 11. b4 Nf8 12. Re1 Bf5 13. a4 h5 14. a5 Ne6 15. Ndxe4
Nxe4 16. Nxe4 Nxd4 17. exd4 Bxd4 18. Bb2 Bxb2 19. Qxb2 Qxe4 20. Qd2 Rab8 21.
Rac1 Qh4 22. g3 Qf6 23. Bf3 Re5 24. c5 Bh3 25. Bh1 dxc5 26. Rxe5 Qxe5 27. Rxc5
Qe7 28. Bg2 Bxg2 29. Kxg2 Rd8 30. Qc2 Rd7 31. Rc4 Qe5 32. Rc5 Qd6 33. Qe4 b6
34. Re5 Kg7 35. h4 c5 36. axb6 axb6 37. bxc5 bxc5 38. Qe3 Rc7 39. Re8 Qf6 40.
Kh2 c4 41. Qa3 Qxf2+ 42. Kh3 Qf5+ 43. Kh2 Qc5 44. Qa8 Qd4 45. Qa3 Rc5 46. Qa7
Qf2+ 47. Kh3 Qf1+ 48. Kh2 Qf2+ 49. Kh3 Qf5+ 50. Kh2 Rd5 0-1

[Event "Skovbo GM 2014"]
[Site "Skovbo Kulturhus"]
[Date "2014.09.07"]
[Round "4.5"]
[White "Bekker-Jensen, Simon"]
[Black "Stojanovski, Sandi"]
[Result "1-0"]
[WhiteElo "2442"]
[BlackElo "2174"]
[PlyCount "113"]
[EventDate "2014.??.??"]
[WhiteTeam "Philidor"]
[BlackTeam "Skakklubben K41"]

1. d4 Nf6 2. c4 e6 3. Nc3 Bb4 4. e3 O-O 5. Bd3 c5 6. Nf3 Nc6 7. O-O Bxc3 8.
bxc3 d6 9. Nd2 e5 10. Rb1 b6 11. h3 Qe7 12. d5 Na5 13. e4 Ne8 14. Qc2 g5 15.
Re1 Ng7 16. Nf1 f6 17. Ne3 Kh8 18. Kh2 Bd7 19. g3 Qf7 20. Qe2 Qg6 21. Rb2 Qh5
22. Qf1 Rg8 23. f3 Raf8 24. Rf2 Qe8 25. Ng4 Qh5 26. Be2 Bxg4 27. fxg4 Qg6 28.
h4 gxh4 29. gxh4 Qxe4 30. Rxf6 Rxf6 31. Qxf6 Nxc4 {(=)} 32. h5 Ne3 33. Qf3 Qxf3
34. Bxf3 Nc4 35. Be2 b5 36. Rf1 Ne8 37. Bh6 e4 38. Rf7 Ne5 39. Rxa7 Nf6 40. g5
Nfg4+ 41. Kh3 Nxh6 42. gxh6 Nf3 43. Bxf3 exf3 44. Rf7 Ra8 45. Rxf3 Kg8 46. Kg4
Rxa2 47. Kf5 Re2 48. Kf6 Re8 49. Rg3+ Kh8 50. Kf7 Rb8 51. Ke7 b4 52. cxb4 cxb4
53. Rb3 Rb6 54. Kd7 Kg8 55. Kc7 Ra6 56. Rxb4 Kf7 57. Rb6 1-0

[Event "Skovbo GM 2014"]
[Site "?"]
[Date "2014.09.07"]
[Round "4.6"]
[White "Høi, Carsten"]
[Black "Vovk, Oksana"]
[Result "1/2-1/2"]
[WhiteElo "2399"]
[BlackElo "2070"]
[PlyCount "75"]
[EventDate "2014.??.??"]
[WhiteClock "0:05:53"]
[BlackClock "0:04:04"]

1. d4 d5 2. Nf3 Nf6 3. e3 e6 4. c4 dxc4 5. Bxc4 c5 6. Nc3 a6 7. O-O b5 8. Bb3
Bb7 9. Qe2 Nbd7 10. Rd1 Qb8 11. d5 Nxd5 12. Nxd5 Bxd5 13. Bxd5 exd5 14. e4 d4
15. b4 Ne5 16. bxc5 Nxf3+ 17. Qxf3 Bxc5 18. Qf5 Bd6 19. e5 Be7 20. e6 O-O 21.
Bb2 Qd6 22. exf7+ Rxf7 23. Qe4 Raf8 24. Qxd4 Qxd4 25. Bxd4 Bf6 26. f3 Re8 27.
Kf2 Rc7 28. Bxf6 Rc2+ 29. Kg3 gxf6 30. a4 Ree2 31. axb5 Rxg2+ 32. Kf4 axb5 33.
Ra7 Rc8 34. h4 Rg7 35. Ra6 Rf7 36. Rb6 Rc4+ 37. Kf5 Rc5+ 38. Kf4 1/2-1/2

[Event "Skovbo GM 2014"]
[Site "?"]
[Date "2014.09.07"]
[Round "4.7"]
[White "Andersen, Daniel"]
[Black "Okhotnik, Vladimir"]
[Result "0-1"]
[WhiteElo "1962"]
[BlackElo "2391"]
[PlyCount "92"]
[EventDate "2014.??.??"]
[WhiteClock "0:38:38"]
[BlackClock "0:24:07"]

1. c4 e5 2. Nc3 Nc6 3. Nf3 Nf6 4. e4 d6 5. d4 Bg4 6. d5 Nd4 7. Be3 Bxf3 8. gxf3
g6 9. Nb5 Nxb5 10. cxb5 Bg7 11. Qc2 O-O 12. Rc1 Nh5 13. Qxc7 Qf6 14. Be2 Nf4
15. Qxb7 Bh6 16. Rg1 Qh4 17. Kd2 Nxe2 18. Kxe2 Bxe3 19. Kxe3 Rab8 20. Qa6 Rb6
21. Qxa7 Rxb5 22. b3 f5 23. exf5 Qf4+ 24. Ke2 Qxf5 25. Qe3 Rxd5 26. Qe4 Qf7 27.
Rc7 Rd2+ 28. Kxd2 Qxc7 29. Qd5+ Kg7 30. Rc1 Qa7 31. Rc2 Qxf2+ 32. Kc1 Qxf3 33.
Qxd6 e4 34. Qe5+ Kh6 35. Rc3 Qf1+ 36. Kb2 Rf2+ 37. Rc2 Rxc2+ 38. Kxc2 Qf2+ 39.
Kc3 e3 40. Qg3 Kg7 41. Qe5+ Kf7 42. Qd5+ Kf6 43. Qd4+ Kf5 44. Qd7+ Kg5 45. Qe7+
Kh6 46. h4 Qd2+ 0-1

[Event "Skovbo GM 2014"]
[Site "?"]
[Date "2014.09.07"]
[Round "4.8"]
[White "Carstensen, Jacob"]
[Black "Kjærgaard-Jensen, Jesper"]
[Result "1-0"]
[WhiteElo "2360"]
[BlackElo "2151"]
[PlyCount "71"]
[EventDate "2014.??.??"]
[WhiteClock "0:54:39"]
[BlackClock "0:07:10"]

1. d4 Nf6 2. c4 d6 3. Nc3 e5 4. Nf3 Nbd7 5. e4 Be7 6. Be2 c6 7. O-O h6 8. Re1
Nh7 9. Be3 Ng5 10. Qd2 Nxf3+ 11. Bxf3 Bg5 12. Rad1 Bxe3 13. Rxe3 Qe7 14. dxe5
Nxe5 15. Be2 Be6 16. b3 O-O-O 17. f4 Ng4 18. Bxg4 Bxg4 19. Rde1 f6 20. b4 Be6
21. b5 Kb8 22. bxc6 bxc6 23. Nd5 Qd7 24. Rb1+ Ka8 25. Nb6+ axb6 26. Ra3+ Qa7
27. Rxa7+ Kxa7 28. Qb4 Rb8 29. Qa3+ Kb7 30. Qxd6 Rhe8 31. f5 Bxc4 32. Qb4 Bb5
33. a4 Rbd8 34. axb5 c5 35. Qa4 Ra8 36. Qc4 1-0

[Event "Skovbo GM 2014"]
[Site "?"]
[Date "2014.09.07"]
[Round "4.9"]
[White "Sylvan, Jacob"]
[Black "Brøndal, Paul"]
[Result "1/2-1/2"]
[WhiteElo "2336"]
[BlackElo "2052"]
[PlyCount "68"]
[EventDate "2014.??.??"]
[WhiteClock "0:11:44"]
[BlackClock "0:16:28"]

1. e4 c6 2. d4 d5 3. e5 Bf5 4. Nf3 e6 5. Be2 c5 6. Be3 cxd4 7. Nxd4 Ne7 8. Nc3
Nbc6 9. f4 Nxd4 10. Bxd4 Nc6 11. Bf2 Bb4 12. O-O Bxc3 13. bxc3 O-O 14. Qd2 Qc7
15. Bd3 Bxd3 16. cxd3 b6 17. Bh4 f6 18. exf6 gxf6 19. Rae1 Qf7 20. Re3 Rae8 21.
d4 Ne7 22. g4 Nc8 23. f5 Nd6 24. fxe6 Rxe6 25. Ref3 Ne4 26. Qg2 Qg6 27. Rf5
Nxc3 28. g5 Re4 29. Rxf6 Rxf6 30. Rxf6 Qh5 31. Qf2 Qd1+ 32. Kg2 Re2 33. Rf8+
Kg7 34. Rf7+ Kg8 1/2-1/2

[Event "Skovbo GM 2014"]
[Site "?"]
[Date "2014.09.07"]
[Round "4.10"]
[White "Percivaldi, Martin"]
[Black "Henriksen, Kasper"]
[Result "1-0"]
[WhiteElo "2327"]
[BlackElo "1979"]
[PlyCount "49"]
[EventDate "2014.??.??"]
[WhiteClock "1:01:13"]
[BlackClock "0:58:10"]

1. d4 Nf6 2. c4 e6 3. g3 c5 4. d5 exd5 5. cxd5 d6 6. Nc3 g6 7. Nf3 Bg7 8. Bg2
O-O 9. O-O Re8 10. Nd2 a6 11. a4 Nbd7 12. h3 Rb8 13. Nc4 Nb6 14. Na3 Bd7 15. e4
Qc7 16. Be3 Nc8 17. Qd3 b5 18. axb5 axb5 19. Naxb5 Qb6 20. Na3 Qb3 21. Rfd1 Nb6
22. Bf4 Bf8 23. Bg5 Be7 24. e5 dxe5 25. Bxf6 1-0

[Event "Skovbo GM 2014"]
[Site "Skovbo Kulturhus"]
[Date "2014.09.07"]
[Round "4.11"]
[White "Mølvig, Julius"]
[Black "Frisk, Ellinor"]
[Result "0-1"]
[WhiteElo "1913"]
[BlackElo "2302"]
[PlyCount "80"]
[EventDate "2014.??.??"]
[WhiteTeam "BMS Skak"]

1. d4 d5 2. c4 c6 3. Nf3 Nf6 4. Nc3 dxc4 5. a4 Bf5 6. e3 e6 7. Bxc4 Bb4 8. O-O
O-O 9. Bd3 Bg4 10. h3 Bh5 11. Ne4 Nxe4 12. Bxe4 Nd7 13. Qb3 Qa5 14. g4 Bg6 15.
Bxg6 hxg6 16. Rd1 Rfd8 17. Bd2 Bxd2 18. Nxd2 Qc7 19. Ne4 Rac8 20. Rac1 Nf6 21.
Nxf6+ gxf6 22. Qc2 Qe7 23. Qc5 Qd7 24. b4 a6 25. Qb6 Kg7 26. Rc5 Qe7 27. Rdc1
Rh8 28. Kg2 f5 29. f3 Qg5 30. Re5 Rxh3 31. Kxh3 Rh8+ 32. Kg2 Qh4 33. Rg1 Qh2+
34. Kf1 Rh3 35. Rg2 Rxf3+ 36. Ke2 Qxg2+ 37. Kd3 Rf2 38. b5 Qf1+ 39. Kc3 Qc1+
40. Kb4 Rb2+ 0-1

[Event "Skovbo GM 2014"]
[Site "Skovbo Kulturhus"]
[Date "2014.09.07"]
[Round "4.12"]
[White "Eriksson, Christian Altenburg"]
[Black "Pedersen, Henrik Dahl"]
[Result "0-1"]
[WhiteElo "2130"]
[BlackElo "2188"]
[PlyCount "68"]
[EventDate "2014.??.??"]
[WhiteTeam "Tåstrup Skakforening"]
[BlackTeam "Køge Skakklub"]

1. e4 c6 2. d4 d5 3. e5 Bf5 4. Nf3 e6 5. Be2 c5 6. O-O Nc6 7. Be3 cxd4 8. Nxd4
Nxd4 9. Qxd4 Ne7 10. Bb5+ Nc6 11. Qa4 Qc7 12. c4 dxc4 13. Qxc4 Be7 14. Rc1 O-O
15. Bxc6 bxc6 16. f4 Rfd8 17. Nd2 Qb7 18. Nb3 Rac8 19. Rd1 h6 20. Rac1 a6 21.
Rxd8+ Bxd8 22. Bc5 Bb6 23. Rd1 Bxc5+ 24. Nxc5 Qxb2 25. Qxa6 Rf8 26. Qc4 Bg4 27.
Re1 Qd2 28. Qe4 Bf5 29. Qe2 Qxf4 30. a4 Rd8 31. Qe3 Qb4 32. Rc1 Qb2 33. Qe1 Rd2
34. Qf1 Rxg2+ 0-1

[Event "Skovbo GM 2014"]
[Site "Skovbo Kulturhus"]
[Date "2014.09.07"]
[Round "4.13"]
[White "Simonsen, Per Barndorff"]
[Black "Skytte, Rasmus"]
[Result "0-1"]
[WhiteElo "1869"]
[BlackElo "2430"]
[PlyCount "74"]
[EventDate "2014.??.??"]
[WhiteTeam "Ishøj Skakklub"]
[BlackTeam "Århus Skakklub/Skolerne"]

1. d4 Nf6 2. c4 c5 3. d5 b5 4. cxb5 a6 5. f3 e6 6. e4 Bb7 7. Nc3 exd5 8. exd5
Bd6 9. Qe2+ Kf8 10. Qd3 Qe7+ 11. Nge2 axb5 12. Bg5 c4 13. Qe4 b4 14. Nb5 Qxe4
15. fxe4 Nxe4 16. Nxd6 Nxd6 17. Bf4 Nb5 18. O-O-O Na6 19. Nd4 Nxd4 20. Rxd4 Rc8
21. Rxc4 Ke7 22. d6+ Kf6 23. Kd2 Nc5 24. Be3 Ne4+ 25. Kd3 Ba6 26. Kxe4 Bxc4 27.
Bd4+ Ke6 28. b3 Bxf1 29. Rxf1 f6 30. Bb6 Kxd6 31. Rd1+ Ke6 32. Ba5 Rc2 33. Bxb4
Rxa2 34. Rd6+ Kf7 35. Rxd7+ Kg6 36. Kf3 Rb2 37. Rd3 Rb8 0-1

[Event "Skovbo GM 2014"]
[Site "Skovbo Kulturhus"]
[Date "2014.09.07"]
[Round "4.14"]
[White "Brinck-Claussen, Bjørn"]
[Black "Johansson, Alexander"]
[Result "1-0"]
[WhiteElo "2234"]
[BlackElo "2083"]
[PlyCount "123"]
[EventDate "2014.??.??"]
[WhiteTeam "Sjælsø Skakklub"]

1. d4 Nf6 2. c4 g6 3. Nc3 Bg7 4. Nf3 d6 5. Bg5 O-O 6. e3 c5 7. d5 h6 8. Bh4 Qa5
9. Nd2 a6 10. Be2 e6 11. O-O exd5 12. cxd5 b5 13. Bg3 Ne8 14. Qc2 Qd8 15. a4 b4
16. Ncb1 Nd7 17. Nc4 Qe7 18. Nbd2 Ndf6 19. Nb6 Bf5 20. Bd3 Bxd3 21. Qxd3 Rb8
22. Nbc4 Nh5 23. Nb3 Nxg3 24. hxg3 h5 25. Nba5 Qg5 26. Nc6 Rb7 27. Rae1 f5 28.
e4 f4 29. gxf4 Rxf4 30. e5 Rg4 31. Ne3 Rh4 32. g3 Rf7 33. Ng2 Rg4 34. Re4 Qf5
35. Re3 Qg5 36. f4 Qh6 37. Qe2 Kh7 38. Nd8 Rd7 39. Ne6 a5 40. b3 Kg8 41. Rd3
Bh8 42. Qf3 Rf7 43. Ne3 dxe5 44. Nxg4 hxg4 45. Qh1 Qxh1+ 46. Kxh1 Nd6 47. Nxc5
e4 48. Rdd1 Re7 49. Rfe1 Bc3 50. Re2 Rc7 51. Nxe4 Nf5 52. d6 Rd7 53. Rd5 Kg7
54. Nxc3 bxc3 55. Rd3 Kf6 56. Re5 c2 57. Rc5 Nxd6 58. Rxc2 Rh7+ 59. Kg2 Nf5 60.
Rc6+ Kf7 61. Rd7+ Ne7 62. Rxe7+ 1-0

[Event "Skovbo GM 2014"]
[Site "Skovbo Kulturhus"]
[Date "2014.09.07"]
[Round "4.15"]
[White "Jacobsen, Mikkel Manosri"]
[Black "Sørensen, Bernhard W"]
[Result "1-0"]
[WhiteElo "1886"]
[BlackElo "1684"]
[PlyCount "99"]
[EventDate "2014.??.??"]
[WhiteTeam "BMS Skak"]
[BlackTeam "Hillerød Skakklub"]

1. d4 e6 2. Nf3 d5 3. Bf4 Bd6 4. Bg3 f5 5. e3 Nf6 6. c4 c6 7. Nc3 O-O 8. Qc2
Ne4 9. Bxd6 Qxd6 10. Bd3 Bd7 11. g4 Qe7 12. gxf5 exf5 13. cxd5 Nxc3 14. bxc3
cxd5 15. Qb3 Be6 16. Rb1 b6 17. h4 Nd7 18. Qb4 Qxb4 19. Rxb4 h6 20. Ng1 f4 21.
Ne2 fxe3 22. fxe3 Rac8 23. Nf4 Rfe8 24. O-O Rxc3 25. Bg6 Rf8 26. Nxe6 Rxf1+ 27.
Kxf1 Rxe3 28. Nc7 Nf6 29. Rb5 Ra3 30. Nxd5 Rxa2 31. Ne7+ Kf8 32. Nf5 Ra4 33.
Ke2 Ra5 34. Rxa5 bxa5 35. Ne3 Ke7 36. Kd3 Kd7 37. Nf5 Nd5 38. Bf7 Nb4+ 39. Kc4
g5 40. h5 g4 41. Kb5 Nc6 42. d5 Ne7 43. Be6+ Kd8 44. Nxe7 Kxe7 45. Bxg4 Kd6 46.
Bf3 Ke5 47. Kc6 a4 48. d6 a3 49. d7 Kf4 50. Bd5 1-0

[Event "Skovbo GM 2014"]
[Site "Skovbo Kulturhus"]
[Date "2014.09.07"]
[Round "4.16"]
[White "Pedersen, Hans Dahl"]
[Black "Kristensen, Bjarke Hautop"]
[Result "1/2-1/2"]
[WhiteElo "2178"]
[BlackElo "1936"]
[PlyCount "86"]
[EventDate "2014.??.??"]
[WhiteTeam "Køge Skakklub"]
[BlackTeam "Sorø Skakklub"]

1. c4 c5 2. g3 g6 3. Bg2 Bg7 4. Nc3 e6 5. a3 Ne7 6. b4 d5 7. cxd5 exd5 8. Rb1
O-O 9. Bb2 Bf5 10. Rc1 c4 11. Na4 Bxb2 12. Nxb2 Nbc6 13. d3 b5 14. e4 dxe4 15.
dxc4 Qxd1+ 16. Rxd1 bxc4 17. Nxc4 Be6 18. Ne3 f5 19. Nh3 Rfd8 20. O-O Nd4 21.
Nf4 Bb3 22. Rb1 Rac8 23. h4 Rc3 24. Rfc1 Rdc8 25. Rxc3 Rxc3 26. Nd1 Rc2 27. Ra1
Nec6 28. Ne3 Ra2 29. Rxa2 Bxa2 30. Bf1 Ne5 31. a4 Kf7 32. b5 Ke7 33. Nfd5+ Kd6
34. Nc3 Bb3 35. a5 Kc5 36. a6 Nd3 37. g4 Be6 38. h5 Nxb5 39. gxf5 gxf5 40. Nxb5
Kxb5 41. Bh3 Nf4 42. Bf1+ Nd3 43. Bh3 Nf4 1/2-1/2

[Event "Skovbo GM 2014"]
[Site "Skovbo Kulturhus"]
[Date "2014.09.07"]
[Round "4.17"]
[White "Skjoldager, Flemming"]
[Black "Akdag, Dara Sevkan"]
[Result "0-1"]
[WhiteElo "1876"]
[BlackElo "2228"]
[PlyCount "92"]
[EventDate "2014.??.??"]
[WhiteTeam "Holbæk Skakklub"]
[BlackTeam "BMS Skak"]

1. e4 c5 2. Nf3 d6 3. d4 cxd4 4. Nxd4 Nf6 5. Nc3 g6 6. Be3 a6 7. f3 Bg7 8. Bc4
Nbd7 9. Qd2 b5 10. Bb3 Bb7 11. a3 Rc8 12. O-O O-O 13. Kh1 Ne5 14. Rfc1 Nc4 15.
Bxc4 Rxc4 16. Nde2 Qa8 17. Bh6 d5 18. Bxg7 Kxg7 19. exd5 Rd8 20. Qe3 Bxd5 21.
Rd1 e6 22. Nf4 {(=)} Qb8 23. Nfxd5 exd5 24. Rd4 Re8 25. Qd2 Qe5 26. Rxc4 bxc4
27. Rd1 d4 28. Ne4 Nxe4 29. fxe4 Qxe4 30. h3 Rd8 31. Re1 Qd5 32. Rd1 Rd7 33.
Qb4 Rb7 34. Qd2 Rxb2 35. Qxd4+ Qxd4 36. Rxd4 Rxc2 37. Rd6 Re2 38. Rc6 Re4 39.
Kg1 a5 40. Kf2 a4 41. Kf3 Rd4 42. Ke2 Rd3 43. Rxc4 Rxa3 44. Kf2 Kf6 45. Rc5 Rb3
46. Ra5 a3 {TIME} 0-1

[Event "Skovbo GM 2014"]
[Site "Skovbo Kulturhus"]
[Date "2014.09.07"]
[Round "4.18"]
[White "Rosenkilde, Alexander"]
[Black "Severinsen, Frank"]
[Result "1-0"]
[WhiteElo "2228"]
[BlackElo "1801"]
[PlyCount "47"]
[EventDate "2014.??.??"]
[WhiteTeam "Tåstrup Skakforening"]
[BlackTeam "Skakklubben K41"]

1. d4 Nf6 2. c4 e5 3. dxe5 Ng4 4. Bf4 Nc6 5. Nf3 Bb4+ 6. Nbd2 Qe7 7. a3 Bc5 8.
e3 a5 9. Ne4 Ngxe5 10. Nxe5 Nxe5 11. Qd5 Ng6 12. Bxc7 Ra6 13. Nxc5 Rc6 14. Bxa5
Qxc5 15. Qxc5 Rxc5 16. Bc3 f6 17. Be2 d6 18. Bb4 Rg5 19. Bxd6 Rxg2 20. Bg3 Ne5
21. c5 Bf5 22. Bxe5 fxe5 23. Bf3 Rg6 24. Bh5 1-0

[Event "Skovbo GM 2014"]
[Site "Skovbo Kulturhus"]
[Date "2014.09.07"]
[Round "4.19"]
[White "Borg, Flemming"]
[Black "Stuhr, Peter Sebastian"]
[Result "0-1"]
[WhiteElo "1842"]
[BlackElo "1942"]
[PlyCount "70"]
[EventDate "2014.??.??"]
[WhiteTeam "Allerød Skakklub"]
[BlackTeam "Køge Skakklub"]

1. e4 d6 2. g3 Nf6 3. Bg2 Nbd7 4. f4 e5 5. d3 Be7 6. Nf3 c6 7. c3 Qc7 8. O-O a5
9. a4 b6 10. h3 Ba6 11. Be3 g6 12. Qc2 Nh5 13. Kh2 exf4 14. gxf4 Nc5 15. c4 Rb8
16. Nc3 d5 17. exd5 Nxf4 18. Bxf4 Qxf4+ 19. Kh1 Rd8 20. Rae1 Nxd3 21. Rxe7+
Kxe7 22. Qxd3 Bxc4 23. Re1+ Kf8 24. Qd4 Qxd4 25. Nxd4 Bxd5 26. Nxd5 cxd5 27.
Kg1 Kg7 28. Re7 Rd6 29. Nb5 Rdd8 30. Rb7 Rb8 31. Bxd5 Rxb7 32. Bxb7 Rd8 33. Nc3
Rd2 34. b4 axb4 35. Nd5 b3 0-1

[Event "Skovbo GM 2014"]
[Site "Skovbo Kulturhus"]
[Date "2014.09.07"]
[Round "4.20"]
[White "Pawlak, Wojciech Zbigniew"]
[Black "Andersen, Troels Bækgård"]
[Result "0-1"]
[WhiteElo "1705"]
[BlackElo "1919"]
[PlyCount "72"]
[EventDate "2014.??.??"]
[WhiteTeam "Køge Skakklub"]
[BlackTeam "Roskilde Skakklub"]

1. c4 e6 2. g3 Nf6 3. Bg2 d5 4. cxd5 exd5 5. d4 c6 6. Bg5 Be7 7. Nc3 h6 8. Bxf6
Bxf6 9. e3 O-O 10. Nge2 Na6 11. O-O Bf5 12. a3 Nc7 13. Rc1 Ne6 14. b4 h5 15. h3
Qd6 16. Kh1 a5 17. Qb3 axb4 18. Qxb4 Qd7 19. f3 Be7 20. Qb6 Ra6 21. Qb3 Rxa3
22. Qb2 Bd3 23. Rfd1 Bc4 24. e4 h4 25. exd5 cxd5 26. g4 b5 27. Ra1 Rfa8 28.
Rxa3 Bxa3 29. Qd2 Bd6 30. Bf1 b4 31. Nb1 Ra2 32. Qe3 Ra1 33. Qd2 Ra2 34. Qe3
Bb8 35. Nd2 Qd6 36. Nxc4 Qh2# 0-1

[Event "Skovbo GM 2014"]
[Site "Skovbo Kulturhus"]
[Date "2014.09.07"]
[Round "4.21"]
[White "Kokholm, Daniel"]
[Black "Schmidt, Horst Hubert"]
[Result "1-0"]
[WhiteElo "1915"]
[BlackElo "1754"]
[PlyCount "67"]
[EventDate "2014.??.??"]
[WhiteTeam "Skakklubben K41"]
[BlackTeam "Brønshøj Skakforening"]

1. d4 d5 2. e4 e6 3. Be3 Nf6 4. e5 Nfd7 5. Bd3 c5 6. c3 Nc6 7. f4 cxd4 8. cxd4
Nb4 9. Be2 g6 10. Nf3 Nc6 11. O-O Bg7 12. Nc3 O-O 13. g4 f6 14. Qe1 fxe5 15.
fxe5 h6 16. Bd3 g5 17. Qg3 Qb6 18. Nd1 Qc7 19. Rc1 Qd8 20. Qh3 Rxf3 21. Qxf3
Ndxe5 22. dxe5 Nxe5 23. Qe2 Nxd3 24. Qxd3 e5 25. Qg6 Qd7 26. h3 d4 27. Bd2 Qe6
28. Rxc8+ Qxc8 29. Rf7 Qf8 30. Rxf8+ Kxf8 31. Bb4+ Kg8 32. Nf2 a5 33. Bd6 Ra6
34. Ne4 1-0

[Event "Skovbo GM 2014"]
[Site "Skovbo Kulturhus"]
[Date "2014.09.07"]
[Round "4.22"]
[White "Møller, Claus Kronholm"]
[Black "Hein, Jacob"]
[Result "1-0"]
[WhiteElo "1892"]
[BlackElo "1450"]
[PlyCount "39"]
[EventDate "2014.??.??"]
[WhiteTeam "Skovbo Skakklub"]
[BlackTeam "Espergærde Skakklub"]

1. e4 Nc6 2. d4 d5 3. e5 a6 4. Nf3 Bg4 5. c3 h6 6. Bd3 Bxf3 7. Qxf3 e6 8. O-O
Be7 9. Be3 Bg5 10. Nd2 Nge7 11. Qg4 Bxe3 12. fxe3 O-O 13. Rf2 Qe8 14. Raf1 Rd8
15. e4 Rd7 16. exd5 Rxd5 17. Ne4 Kh8 18. Nf6 Nxe5 19. Qe4 gxf6 20. Qh7# 1-0

[Event "Skovbo GM 2014"]
[Site "Skovbo Kulturhus"]
[Date "2014.09.07"]
[Round "4.23"]
[White "Jørgensen, Orla Eilegaard"]
[Black "Madsen, Michael Ole"]
[Result "0-1"]
[WhiteElo "1568"]
[BlackElo "2077"]
[PlyCount "92"]
[EventDate "2014.??.??"]
[WhiteTeam "Allerød Skakklub"]
[BlackTeam "Allerød Skakklub"]

1. e4 c5 2. c3 Nf6 3. e5 Nd5 4. Bc4 Nb6 5. Bb3 c4 6. Bc2 Nc6 7. Nf3 d5 8. exd6
Qxd6 9. O-O Bg4 10. d4 cxd3 11. Bxd3 Rd8 12. Be2 Qc7 13. Qc2 e6 14. Bg5 Rd5 15.
Bh4 Be7 16. Bg3 Qc8 17. Nbd2 Bf5 18. Qc1 Bf6 19. Nh4 Qd8 20. Nhf3 O-O 21. Rd1
h6 22. Nc4 Nxc4 23. Bxc4 Rxd1+ 24. Qxd1 Qb6 25. Qe2 Rd8 26. Bf4 Na5 27. Be3 Qc7
28. Bb5 a6 29. Ba4 Bd3 30. Qe1 Nc4 31. Bc1 b5 32. Bb3 Qd6 33. Nd2 Ne5 34. h3
Qc6 35. Bd1 Bf5 36. Be2 Nd3 37. Bxd3 Rxd3 38. Qe2 Qd5 39. g4 Rxh3 40. f3 Bxg4
41. Ne4 Bxf3 42. Nxf6+ gxf6 43. Qe3 Qd1+ 44. Kf2 Rh2+ 45. Kg3 Rg2+ 46. Kf4 Rg4#
0-1

[Event "Skovbo GM 2014"]
[Site "Skovbo Kulturhus"]
[Date "2014.09.07"]
[Round "4.24"]
[White "Knudsen, Jes Jacob West"]
[Black "Sørensen, Lindved"]
[Result "1-0"]
[WhiteElo "1917"]
[BlackElo "1728"]
[PlyCount "99"]
[EventDate "2014.??.??"]
[WhiteTeam "Allerød Skakklub"]
[BlackTeam "Faxe Skakklub"]

1. e4 d5 2. exd5 Nf6 3. d4 Nxd5 4. Nf3 Bg4 5. c4 Nb6 6. c5 Nd5 7. Qb3 Bxf3 8.
Qxb7 Nb4 9. Qxb4 Nc6 10. Bb5 Bxg2 11. Rg1 Bd5 12. Qa4 Qd7 13. Nc3 Qe6+ 14. Be3
Kd7 15. Rg5 f5 16. Nxd5 Qxd5 17. Bxc6+ Qxc6 18. Qxc6+ Kxc6 19. Rxf5 g6 20. d5+
Kd7 21. c6+ Kd6 22. Bf4+ e5 23. Rxe5 Kc5 24. Rc1+ Kb5 25. d6+ Ka6 26. dxc7 Bd6
27. Re4 Rhe8 28. Rxe8 Rxe8+ 29. Be3 Bxc7 30. Rc4 Bxh2 31. Ra4+ Kb5 32. Rxa7
Kxc6 33. Rxh7 Be5 34. b3 Ra8 35. Rh6 Rxa2 36. Rxg6+ Kd5 37. f4 Bc3+ 38. Kd1 Ke4
39. Bc1 Rf2 40. Re6+ Kd3 41. Re3+ Kd4 42. Re2 Rf3 43. Kc2 Bb4 44. Bb2+ Kd5 45.
Re5+ Kd6 46. Re4 Rf2+ 47. Kb1 Bc5 48. b4 Bb6 49. b5 Kc5 50. Bd4+ 1-0